| 000 | 00457cam a22001097a 4500 | ||
|---|---|---|---|
| 008 | 180718bn.d. xxu||||| |||| 00| 0 eng d | ||
| 082 | _aB811x71 C16c/45/PINC | ||
| 100 | _aCanada. Cabinet Committee on Domionon-Provincial Reations | ||
| 245 | _aPublic investment and capital formation: a study of public and private investment qutlay, Cancad 1926-1941, Domninion-Provincial conference on Reconstruction | ||
| 260 |
_aOttawa _bThe author _cn.d. |
||
| 300 | _a128p. | ||
| 999 |
_c488892 _d488892 |
||